000 nam a22 7a 4500
999 _c7852
_d7852
008 171028b xxu||||| |||| 00| 0 eng d
100 _aAnderson Edna A
_94324
245 _aPeoble use the Earth
260 _aNew Jersey
_bSilver Burdett Company
_c1969